| 000 | 00787nam a22002417a 4500 | ||
|---|---|---|---|
| 005 | 20170124110106.0 | ||
| 010 | _a548377 | ||
| 020 |
_c00.00 _a048910333 |
||
| 035 | _a548377 | ||
| 037 | _bCen Lib/Ret | ||
| 040 |
_aDPL _bEN |
||
| 082 |
_a920 _bRUS |
||
| 100 |
_aRussell, Ralph _923606 |
||
| 245 |
_aThree mughal poets : _cby Ralph Russell [and] Khurshidul Islam _bMir Sauda, Mir Hasan / |
||
| 260 |
_aLondon _bGeorge Allen And Unwin _c1969 |
||
| 270 |
_aRuksin House Museum Street _bLondon |
||
| 300 |
_axiii,290p. _c20cm(Hb) |
||
| 500 | _aIncludes bibliographical reference and index | ||
| 650 |
_aUrdu poetry _9104413 |
||
| 650 |
_aSaudā, Mirzā Muḥammad Rafiʻ, 1713-1781 _9104414 |
||
| 700 |
_aKhurshidul Islam _9104415 |
||
| 942 |
_2ddc _cEN _h920 _mRUS |
||
| 999 |
_c130063 _d130063 |
||